Normal view
MARC view
Entry Personal Name
001 - CONTROL NUMBER
- control field: 1058078
003 - CONTROL NUMBER IDENTIFIER
- control field: OSt
005 - DATE AND TIME OF LATEST TRANSACTION
- control field: 20260121165945.0
008 - FIXED-LENGTH DATA ELEMENTS
- fixed length control field: 260121|| aca||aabn | a|a d
040 ## - CATALOGING SOURCE
- Original cataloging agency: OSt
- Transcribing agency: OSt
100 ## - HEADING--PERSONAL NAME
- Personal name: Annie Hondeghem, Xavier Rousseaux, Fréderic Schoenaers
670 ## - SOURCE DATA FOUND
- Source citation: Work cat.: (OSt)1623807: Annie Hondeghem, Xavier Rousseaux, Fréderic Schoenaers, Modernisation of the Criminal Justice Chain and the Judicial System
